Tierras comunales, públicas y privadas en los orígenes de la caficultura en Guatemala y Costa Rica /
Se analizan los mecanismos institucionales de acceso a las tierras al inicio de la expansión cafetalera. Se centra en el censo enfitéutico del periódo de 1830-1880. Este censo es asociado con las parcelas y explotacioones de pequeña y mediana escala, comenzando en la década de 1830 con la grana en G...
Đã lưu trong:
| Tác giả chính: | |
|---|---|
| Tác giả khác: | |
| Định dạng: | Texto |
| Ngôn ngữ: | Spanish |
| Được phát hành: |
Guatemala:
Centro de Investigaciones Regionales de Mesoamérica
1996
|
| Những chủ đề: | |
| Các nhãn: |
Thêm thẻ
Không có thẻ, Là người đầu tiên thẻ bản ghi này!
|
MARC
| LEADER | 00000 a a2200000 04500 | ||
|---|---|---|---|
| 001 | 9557 | ||
| 003 | cru IIS | ||
| 005 | 20210713140208.0 | ||
| 008 | 210713s1996 gt|||||| |||| 00| 0 spa d | ||
| 022 | |a 0252-9963 | ||
| 040 | |a Centro de Recursos para el Aprendizaje y la Investigación |c cru IIS |b Español | ||
| 090 | |a REV0653 17 (31) 1996 | ||
| 100 | |a Gudmundson, Lowell | ||
| 245 | |a Tierras comunales, públicas y privadas en los orígenes de la caficultura en Guatemala y Costa Rica / |c María de los Angeles Acuña León y Lowell Gudmundson | ||
| 260 | |a Guatemala: |b Centro de Investigaciones Regionales de Mesoamérica |c 1996 | ||
| 300 | |a páginas 41-56 | ||
| 500 | |a Colección Centroamérica | ||
| 520 | |a Se analizan los mecanismos institucionales de acceso a las tierras al inicio de la expansión cafetalera. Se centra en el censo enfitéutico del periódo de 1830-1880. Este censo es asociado con las parcelas y explotacioones de pequeña y mediana escala, comenzando en la década de 1830 con la grana en Guatemala y el café en Costa Rica. Aunque poco se diferenciaba entre ambos países la institución y las prácticas en sí, las comunidades guatemaltecas fueron obligadas más a menudo que las costarricenses a otorgar concesiones en censo, lo que resultó en una mayor confusión y en un conflicto agudo. El censo tuvo el apoyo de las autoridades conservadoras que buscaban tanto el aumento de las exportaciones como la resolución de los conflictos o simplemente se hizo permanente con los decretos liberales de la década de 1850 en Costa Rica y la de 1870 en Guatemala. Se hacen, además, comparaciones con otros contextos agrarios centroamericanos y latinoamericanos. Entre las conclusiones se destaca que el censo llevó bastante directamente a los títulos privados en ambos países y fue asociado a grandes rasgos con la pequeña y mediana propiedad desarrollada con la producción mercantil entre 1830-1870. OB/LOB | ||
| 650 | |a ANALISIS COMPARATIVO | ||
| 650 | |a METODOS DE INVESTIGACION | ||
| 650 | |a CIENCIAS SOCIALES | ||
| 650 | |a HISTORIA | ||
| 650 | |a TENENCIA DE LA TIERRA | ||
| 650 | |a CAFE | ||
| 650 | |a DESARROLLO ECONOMICO Y SOCIAL | ||
| 650 | |a PROBLEMAS SOCIALES | ||
| 700 | |a Acuña León, María de los Angeles | ||
| 773 | |g volumen 17, número 31, Espe; páginas 41-56 | ||
| 942 | |2 ddc |c PP |h REV0653 17 (31) 1996 |k REV0653 |m 17 (31) 1996 |6 REV0653_17_31_1996 | ||
| 999 | |c 19677 |d 19677 | ||
